Využitie počítačov vo vyučovaní a riadení škôl : Zborník prednášok zo IV. konferencie

Na minha lista:
Detalhes bibliográficos
Formato: Livro
Idioma:eslovaco
tcheco
Publicado em: Žilina : Dom techniky SVTS, 1976
Tags: Adicionar Tag
Sem tags, seja o primeiro a adicionar uma tag!

MARC

LEADER 00000nam a22000003a 4500
001 stu265856
005 20150408175540.5
008 130424s--------cs------------------slo-d
040 |a STU  |b slo 
041 0 |a slo  |a cze 
044 |a cs 
245 |a Využitie počítačov vo vyučovaní a riadení škôl :  |b Zborník prednášok zo IV. konferencie 
260 |a Žilina :  |b Dom techniky SVTS,  |c 1976 
300 |a 391 s 
996 |b I2048  |l II680  |s A  |a 24  |w stu265856_0001